| 000 | 00995nas a2200325 4500 | ||
|---|---|---|---|
| 001 | BR0901315 | ||
| 003 | BR-BrBNA | ||
| 005 | 20231205113202.0 | ||
| 007 | ta | ||
| 008 | 230509b bl.|||p| |||| 00| 00por d | ||
| 040 |
_aBR-BrBNA _bpor _cBiblioteca Nacional de Agricultura |
||
| 041 | _a(Pt) | ||
| 072 | _aL50 | ||
| 100 | 1 | _aSantos, A.L. | |
| 100 | 1 | _aAlvarenga, G.J.R. de | |
| 100 | 1 | _aMoraes, F.M. de | |
| 100 | 1 | _aÁvila Júnior, R.H. | |
| 100 | 1 | _aCarvalho, S.F.M. de | |
| 100 | 1 | _aMagalhães, L.M. | |
| 100 | 1 | _aAndrade, M.B. | |
| 100 | 1 | _aMarques, F.K. | |
| 100 | 1 | _aDenadai, J. | |
| 245 | 1 | _aMorfologia externa, topografia do coração e comportamento da artéria coronária de Podocnemis expansa (Schweigger, 1812) | |
| 650 | _aCORAÇÃO | ||
| 650 | _aTOPOGRAFIA | ||
| 650 | _aARTÉRIA | ||
| 773 | 0 |
_tBioscience Journal (Brazil) _xISSN 1516-3725 _g(Sep-Dec 2003), v. 19(3) p. 103-108 _wBR0901315 |
|
| 909 |
_a202311 _bLúcia _c55 _dLúcia Elande |
||
| 942 |
_2AGRIS _n0 _cANA |
||
| 999 |
_c202347 _d202347 |
||